00441 2200169 4500001002100000008004100021035002000062245004300082100001900125260003000144300001100174020001700185084002200202082001600224650001800240990001300258INLIS000000000000762 ind  a0010-0120000762 aCerita Rakyat NusantaracMB. Rahimsyah aRahimsyah, MB. aSurabaya:bTerbit Terang, c21 cm. aNOISBN-00167 a398.209 598 RAH k a398.209 598 aCerita Rakyat a11900274